Les voyages de psychodore: phylosophie cynique

محفوظ في:
التفاصيل البيبلوغرافية
المؤلف الرئيسي: Ryner, Han (مؤلف)
التنسيق: كتاب
اللغة:الفرنسية
منشور في: París G. Crès 1924
الموضوعات:
الوسوم: إضافة وسم
لا توجد وسوم, كن أول من يضع وسما على هذه التسجيلة!

MARC

LEADER 00000nam a2200000 a 4500
001 UCP4609
003 CL-VaPUC
008 990806e19240000FR |||||||||||||||||fre|d
082 0 4 |a 183.4  |b RYN  |2 21 
100 0 |a Ryner, Han  |e author  |9 432167 
245 1 4 |a Les voyages de psychodore: phylosophie cynique 
300 |a 248 p 
942 |c BK 
945 |d 19990806 00:00:00  |a crobeson 
260 |a París  |b G. Crès  |c 1924 
650 7 |a FILOSOFIA CINICA  |2 CL-VaPUC  |9 432168 
650 0 |a Filosofía griega  |9 265579 
583 |a last modification  |c 19990806 00:00:00  |k Rodrigo Vera 
999 |c 282519  |d 282517 
952 |0 0  |1 0  |4 0  |6 183_400000000000000_RYN_1924  |7 0  |8 X  |9 324351  |a BIBHIS  |b BIBHIS  |d 2019-11-20  |i 135485K  |o 183.4 RYN 1924  |p 135485K  |r 2024-01-30  |w 2019-11-20  |y BK_X  |k HIS